Geography Quiz

Random Geography or World Quiz

Find the 'G' Countries Quiz Stats

 Plays Quiz Updated Feb 13, 2019

Support Sporcle.
Go Orange.
Score 0/11 Timer 03:00
4 Plays Today
% Correct
Germany
82.7%
Guatemala
75.5%
Guyana
73.3%
Guinea
69.5%
Ghana
69.1%
Greece
68.6%
Gabon
64%
Guinea-Bissau
62.5%
The Gambia
57.3%
Georgia
54.5%
Grenada
49%

You're not logged in!

Compare scores with friends on all Sporcle quizzes.
OR
Log In

From the Vault

Click-A-Goodman

by g_norm

That rug really tied the room together.
Remove Ads.
Support Sporcle.
Get the best of Sporcle when you Go Orange. This ad-free experience offers more features, more stats, and more fun while also helping to support Sporcle. Thank you for becoming a member.

Show Comments

Extras

Top Quizzes Today


Score Distribution

Your Account Isn't Verified!

In order to create a playlist on Sporcle, you need to verify the email address you used during registration. Go to your Sporcle Settings to finish the process.

Report this User

Report this user for behavior that violates our Community Guidelines.

Details: